000 00780nam a2200241 4500
001 445
003 CO-MdFUSB
005 20210818163314.0
008 210818t1989 ck ab||| |||| 00| 0 spa d
020 _a958-614-613-8
040 _bspa.
_aCO-MdFUSB
_cCO-MdFUSB
_dCO-MdFUSBC
_erda
041 _aspa
082 0 4 _aR 986.1 T596v
245 1 0 _aHistoria política desde 1986 / Gloria Zea, Dirección del proyecto, Jaime Jaramillo Uribe, Director científico.
_c/
264 _aBogotá, Colombia : Planeta
_bPlaneta,
_c© [1989]
300 _a341 Pag.
_c;
336 _2rdacontent
_atexto
_btxt
337 _2rdamedia
_asin mediación
_bn
338 _2rdacarrier
_adisco sonoro
653 _aColombia historia política y gobierno desde 1986
942 _cBK
945 _aestudiante
999 _c31971
_d31971